Central Library OPAC University of Rajshahi

অনীক মাহমুদ-কাব্যসংগ্রহ ১ / (Record no. 48427)

MARC details
000 -LEADER
fixed length control field 00857nam a2200229 a 4500
001 - CONTROL NUMBER
control field 48427
003 - CONTROL NUMBER IDENTIFIER
rucl marc code BD-RjUL
005 - DATE AND TIME OF LATEST TRANSACTION
control field 20211209054525.0
008 - FIXED-LENGTH DATA ELEMENTS--GENERAL INFORMATION
fixed length control field 160814s2013 bg a|||| |||| 00| p ben d
020 ## - INTERNATIONAL STANDARD BOOK NUMBER
International Standard Book Number 9789849007883
Terms of availability : Tk. 800.00
035 ## - SYSTEM CONTROL NUMBER
System control number (BD-RjUL)48546
040 ## - CATALOGING SOURCE
Original cataloging agency BD-RjUL
Language of cataloging ben
Transcribing agency BD-RjUL
041 ## - LANGUAGE CODE
Language code of text/sound track or separate title ben
082 ## - DEWEY DECIMAL CLASSIFICATION NUMBER
Edition number 23
Classification number 891.44108
Author mark and year MAA 2013
100 ## - MAIN ENTRY--PERSONAL NAME
Personal name মাহমুদ, অনীক
9 (RLIN) 146489
245 10 - TITLE STATEMENT
Title অনীক মাহমুদ-কাব্যসংগ্রহ ১ /
Statement of responsibility, etc. অনীক মাহমুদ
260 ## - PUBLICATION, DISTRIBUTION, ETC. (IMPRINT)
Place of publication, distribution, etc. ঢাকা :
Name of publisher, distributor, etc. সুচয়নী পাবলিশার্স,
Date of publication, distribution, etc. ২০১৩
300 ## - PHYSICAL DESCRIPTION
Pagination ৭৯৩ পৃ. :
Illustrations চিত্র ;
Size ১৮ সেমি
650 ## - SUBJECT ADDED ENTRY--TOPICAL TERM
Topical term or geographic name as entry element বাংলা কবিতা
General subdivision সংগ্রহ
9 (RLIN) 126131
Topical term or geographic name as entry element Bengali Poetry
General subdivision collection
9 (RLIN) 126132
942 ## - ADDED ENTRY ELEMENTS (KOHA)
Source of classification or shelving scheme Dewey Decimal Classification
Koha item type Books
Holdings
Lost status Source of classification or shelving scheme Damaged status Not for loan Collection code Permanent Location Current Location Shelving location Date acquired Source of acquisition Cost, normal purchase price Total Checkouts Full call number Date last seen Copy number Koha item type
  Dewey Decimal Classification     Non-fiction Central Library, University of Rajshahi Central Library, University of Rajshahi   25/03/2013 Anik Mahmud 800.00   B 891.44108 MAA 2013 14/08/2016 C-2 Books
  Dewey Decimal Classification     Non-fiction Central Library, University of Rajshahi Central Library, University of Rajshahi   25/03/2013 Anik Mahmud 800.00   B 891.44108 MAA 2013 14/08/2016 C-3 Books
  Dewey Decimal Classification     Non-fiction Central Library, University of Rajshahi Central Library, University of Rajshahi   25/03/2013 Anik Mahmud 800.00   B 891.44108 MAA 2013 14/08/2016 C-4 Books
  Dewey Decimal Classification     Non-fiction Central Library, University of Rajshahi Central Library, University of Rajshahi   25/03/2013 Anik Mahmud 800.00   B 891.44108 MAA 2013 14/08/2016 C-5 Books
  Dewey Decimal Classification   Not For Loan Non-fiction Central Library, University of Rajshahi Central Library, University of Rajshahi Reading Room 25/03/2013 Anik Mahomud 800.00   B 891.44108 MAA 2013 30/01/2017 C-1 Books